1001 Foods You Must Try Before You Die : (Record no. 602566)

MARC details
000 -LEADER
fixed length control field 00436nam a2200181 a 4500
008 - FIXED-LENGTH DATA ELEMENTS--GENERAL INFORMATION
fixed length control field 251215s2008##################000#0#eng##
020 ## - INTERNATIONAL STANDARD BOOK NUMBER
ISBN 9781844036127
082 04 - DEWEY DECIMAL CLASSIFICATION NUMBER
Classification number 641.3
Item number CAS
100 1# - MAIN ENTRY--AUTHOR NAME
Personal name Case, Frances,
245 10 - TITLE STATEMENT
Title 1001 Foods You Must Try Before You Die :
260 ## - PUBLICATION, DISTRIBUTION, ETC. (IMPRINT)
Year of publication 2008.
650 #0 - SUBJECT ADDED ENTRY--TOPICAL TERM
Topical Term Cooking.
942 ## - ADDED ENTRY ELEMENTS (KOHA)
Koha item type English Books
Holdings
Withdrawn status Lost status Damaged status Not for loan Home library Current library Shelving location Date acquired Full call number Accession Number Price effective from Koha item type
        Anna Centenary Library Anna Centenary Library 6TH FLOOR, A WING 15.12.2025 641.3 CAS 364520 15.12.2025 English Books

Find us on the map